Discovering Psychology (Record no. 47608)
[ view plain ]
| 000 -LEADER | |
|---|---|
| fixed length control field | 00409nam a2200169 4500 |
| 005 - DATE AND TIME OF LATEST TRANSACTION | |
| control field | 20260513115738.0 |
| 008 - FIXED-LENGTH DATA ELEMENTS--GENERAL INFORMATION | |
| fixed length control field | 260513b |||||||| |||| 00| 0 eng d |
| 020 ## - INTERNATIONAL STANDARD BOOK NUMBER | |
| ISBN | 9781464109324 |
| 082 ## - DEWEY DECIMAL CLASSIFICATION NUMBER | |
| Classification number | 150 |
| Author Mark | HOC-D |
| 100 ## - MAIN ENTRY--AUTHOR | |
| Author Name | Hockenbury Don H. |
| 245 ## - TITLE STATEMENT | |
| Title | Discovering Psychology |
| 250 ## - EDITION STATEMENT | |
| Edition statement | 6th Ed |
| 260 ## - PUBLICATION, DISTRIBUTION, ETC. | |
| Place of Publication | New York |
| Name of publisher, distributor, etc. | Worth Publishers |
| 300 ## - PHYSICAL DESCRIPTION | |
| Pages | 623p C-20 |
| 650 ## - SUBJECT ADDED ENTRY--TOPICAL TERM | |
| Subject / Department | Psychology |
| 942 ## - ADDED ENTRY ELEMENTS (KOHA) | |
| Koha item type | Book |
| Withdrawn status | Lost status | Damaged status | Not for loan | Collection code | Permanent Location | Current Location | Shelving Location | Date acquired | Source of acquisition | Price | Total Checkouts | Full Call Number | Accession No./Barcode | Date last seen | Koha item type |
|---|---|---|---|---|---|---|---|---|---|---|---|---|---|---|---|
| Psychology | Air University H-11 Campus Islamabad | Air University H-11 Campus Islamabad | Social Science | 05/13/2026 | Ali Book Services | 4597.00 | 150 HOC-D | AUHEP0106 | 05/13/2026 | Book |







